00229nam a2200097Ia 4500008004100000245003800041260002200079440000600101942000700107999001700114140130s9999 xx 000 0 und d cMarzollo, JeanaI'm a caterpillar bScholastic,c2003 v1 cBK c42040d42040